| 000 | 00351nam a22001457a 4500 | ||
|---|---|---|---|
| 003 | SGT | ||
| 020 | _a9788126000066 | ||
| 082 |
_a320 _bB96M |
||
| 100 | _aMISHR, KRISHN BIHARI | ||
| 245 | _aBHARTIYA SAHITYA KE NIRMATA: GANESH SHANKAR VIDYARTHI | ||
| 260 |
_bSAHITYA ACADEMY _c1996 |
||
| 300 | _a111 | ||
| 650 | _aPOLITICAL SCIENCE | ||
| 942 |
_2ddc _cBK |
||
| 999 |
_c28199 _d28199 |
||